000 00759nam a22002297a 4500
005 20170124105929.0
010 _aB-228108
020 _a9788178241586
_c595.00
035 _aB-228108
037 _bCen Lib/Ret
040 _aDPL
_bEN
082 _a333.714
_bGUH
100 _aGuha, Ramachandra
_97859
245 _aHow much should a person consume? :
_cby Ramachandra Guha
_bthinking through the environment /
260 _aDelhi
_bPermanent Black
_c2006
270 _aD-28, Oxford Apartments, 11, I.P. Extension
_bdelhi
_e110092
300 _axiii, 262p.
_c22cm(Hb)
500 _aIncludes index
650 _aEnvironmentalism -- India
_975002
650 _aEnvironmentalism -- United States.
_975003
942 _2ddc
_cEN
_h333.714
_mGUH
999 _c123732
_d123732